[Event "Catania weekend op 9th"]
[Site "Catania"]
[Date "2005.02.19"]
[Round "4"]
[White "Casto, Corrado"]
[Black "Imbraguglia, Fabio"]
[Result "1/2-1/2"]
[WhiteElo "2099"]
[BlackElo "2036"]
[PlyCount "54"]
[EventDate "2005.02.12"]
[EventType "swiss"]
[EventRounds "6"]
[EventCountry "ITA"]
[SourceTitle "EXT 2007"]
[Source "ChessBase"]
[SourceDate "2006.11.23"]
[SourceVersion "1"]
[SourceVersionDate "2006.11.23"]
[SourceQuality "1"]

1. d4 Nf6 2. c4 e6 3. Nc3 d5 4. Bg5 Nbd7 5. Nf3 c6 6. e3 Be7 7. Qc2 0-0 8. 0-0-0 Qa5 9. h4 dxc4 10. Bxc4 b5 11. Bd3 Bb4 12. Ne5 Bxc3 13. bxc3 Nxe5 14. dxe5 Nd5 15. Bxh7+ Kh8 16. Rxd5 cxd5 17. h5 Ba6 18. Be7 Rfc8 19. Kb2 Qa4 20. Qxa4 bxa4 21. Bc2 Rab8+ 22. Bb4 Bc4 23. Ka3 Bxa2 24. h6 Rb7 25. hxg7+ Kxg7 26. Rh7+ Kg8 27. Rh3 Bb3 1/2-1/2

[Event "Palermo op"]
[Site "Palermo"]
[Date "2004.10.31"]
[Round "4"]
[White "Casto, Corrado"]
[Black "Mazzilli, Piero"]
[Result "0-1"]
[WhiteElo "2105"]
[BlackElo "2312"]
[PlyCount "84"]
[EventDate "2004.10.29"]
[EventType "swiss"]
[EventRounds "9"]
[EventCountry "ITA"]
[SourceTitle "EXT 2007"]
[Source "ChessBase"]
[SourceDate "2006.11.23"]
[SourceVersion "1"]
[SourceVersionDate "2006.11.23"]
[SourceQuality "1"]

1. d4 d5 2. c4 e6 3. Nc3 c6 4. Nf3 dxc4 5. g3 Nd7 6. Bg2 b5 7. 0-0 Bb7 8. e4 Ngf6 9. e5 Nd5 10. Ng5 Nxc3 11. bxc3 Qc7 12. Qh5 g6 13. Qh3 Be7 14. Qh6 Bf8 15. Qh3 Nb6 16. Ne4 0-0-0 17. Bg5 Be7 18. Bxe7 Qxe7 19. Qh6 Kb8 20. Rfb1 a6 21. Nd6 Na4 22. Qc1 Rxd6 23. exd6 Qxd6 24. Qe3 Rd8 25. Rc1 Rd7 26. Rc2 c5 27. Qe5 cxd4 28. cxd4 Qxe5 29. dxe5 c3 30. Rb1 Bxg2 31. Kxg2 Kc7 32. Kf3 Kc6 33. Ke2 Kc5 34. Rd1 Rd5 35. f4 b4 36. h4 h5 37. Rg1 Rd4 38. Rb1 Kc4 39. Rd1 Rd5 40. Rg1 a5 41. Rg2 Nc5 42. a3 Nb3 0-1